Kỹ thuật an toàn, vệ sinh lao động và phòng chống cháy, nổ trong xây dựng

Uloženo v:
Podrobná bibliografie
Hlavní autor: Bùi, Mạnh Hùng
Médium: Kniha
Jazyk:Undetermined
Vydáno: H. KHKT 2004
Témata:
Tagy: Přidat tag
Žádné tagy, Buďte první, kdo otaguje tento záznam!
Thư viện lưu trữ: Trung tâm Học liệu Trường Đại học Cần Thơ
LEADER 00645nam a2200205Ia 4500
001 CTU_87289
008 210402s9999 xx 000 0 und d
020 |c 45000 
082 |a 690.22 
082 |b H513 
100 |a Bùi, Mạnh Hùng 
245 0 |a Kỹ thuật an toàn, vệ sinh lao động và phòng chống cháy, nổ trong xây dựng 
245 0 |c Bùi Mạnh Hùng 
260 |a H. 
260 |b KHKT 
260 |c 2004 
650 |a construction industry,construction industry 
650 |x security measures,safety regulations 
904 |i Minh 
980 |a Trung tâm Học liệu Trường Đại học Cần Thơ